Brazilian State Map Shape - Statistics

General Stats
  • This quiz has been taken 109 times
  • The average score is 16 of 26
Answers on the Map
Answers color-coded by a green-red scale on the quiz's map according to % correct below.
 
Answer Stats
Answer % Correct
Acre
90%
Amazonas
85%
Rio Grande do Sul
81%
Goiás
75%
Tocantins
75%
Piauí
72%
Pará
69%
Bahia
67%
Minas Gerais
67%
Rio de Janeiro
67%
São Paulo
66%
Amapá
63%
Mato Grosso
63%
Espírito Santo
61%
Paraná
61%
Pernambuco
61%
Roraima
58%
Santa Catarina
58%
Ceará
57%
Mato Grosso do Sul
54%
Maranhão
51%
Rio Grande do Norte
51%
Rondônia
51%
Paraíba
49%
Alagoas
43%
Sergipe
42%
No matching quizzes found
Score Distribution
Percent of People with Each Score
Percentile by Number Answered
Your Score History
You have not taken this quiz